Southville International School and Colleges
Your cart is empty.
  • Cart
  • Lists
    Public lists Eva Luna New books Lux_list list_1
    Your lists Log in to create your own lists
  • Log in to your account
  • Your cookies
  • Search history
Southville International School and Colleges
  • Advanced search
  • Recent comments
  • Most popular
  • Libraries

Log in to your account

Log in with GOOGLE


If you do not have an external account, but do have a local account, you can still log in:

  1. Home
  2. MARC view: Newspapers from start to finish.
Normal view MARC view ISBD view

Newspapers from start to finish. (Record no. 109849)

[ view plain ]
MARC details
000 -LEADER
fixed length control field 00519nam a2200181 a 4500
005 - DATE AND TIME OF LATEST TRANSACTION
control field 20140414131844.0
008 - FIXED-LENGTH DATA ELEMENTS--GENERAL INFORMATION
fixed length control field 100524s19uu xx 00 eng d
020 ## - INTERNATIONAL STANDARD BOOK NUMBER
International Standard Book Number 1-56711-484-9
050 ## - LIBRARY OF CONGRESS CALL NUMBER
Classification number M 070.1
Item number E54 2001
100 ## - MAIN ENTRY--PERSONAL NAME
Personal name Englart, Mindi Rose
245 ## - TITLE STATEMENT
Title Newspapers from start to finish.
260 ## - PUBLICATION, DISTRIBUTION, ETC. (IMPRINT)
Date of publication, distribution, etc 2001.
Place of publication, distribution, etc Woodbridge, Connecticut :
Name of publisher, distributor, etc Blackbirch Press,
300 ## - PHYSICAL DESCRIPTION
Extent 32
500 ## - GENERAL NOTE
General note Includes index. (alk. paper)
520 ## - SUMMARY, ETC.
Summary, etc Describes how newspapers are made.
650 ## - SUBJECT ADDED ENTRY--TOPICAL TERM
Topical term or geographic name as entry element Newspaper
Holdings
Withdrawn status Lost status Damaged status Home library Current library Shelving location Date acquired Source of acquisition Total Checkouts Full call number Barcode Date last seen Price effective from Koha item type
      Munich Library Munich Library Main Section 05/24/2010     M 070.1 E54 2001 M0016 04/14/2014 04/14/2014 Books

Newspapers from start to finish.

APA

Englart M. R., . (2001). Newspapers from start to finish. Woodbridge, Connecticut: Blackbirch Press.

Chicago

Englart Mindi Rose, . 2001. Newspapers from start to finish. Woodbridge, Connecticut: Blackbirch Press.

Harvard

Englart M. R., . (2001). Newspapers from start to finish. Woodbridge, Connecticut: Blackbirch Press.

MLA

Englart Mindi Rose, . Newspapers from start to finish. Woodbridge, Connecticut: Blackbirch Press. 2001.

  • Place hold
  • Print
  • Cite
  • Add to your cart (remove)
  • Save record
    BIBTEX Dublin Core MARCXML MARC (non-Unicode/MARC-8) MARC (Unicode/UTF-8) MARC (Unicode/UTF-8, Standard) MODS (XML) RIS
  • More searches
    Search for this title in:
    Other Libraries (WorldCat) Other Databases (Google Scholar) Online Stores (Bookfinder.com) Open Library (openlibrary.org)

Exporting to Dublin Core...

SOUTHVILLE LIBRARY

Southville International School and Colleges Library

1281 Tropical Ave. Cor. Luxembourg St., BF Homes International, Las Pinas City

Tel. No. 8256374 / 252358 Loc. 117/146

Powered by Koha